|
|
|
|
| LEADER |
00000cam a2200000 7i4500 |
| 001 |
0000046377 |
| 005 |
20150325.0 |
| 008 |
25032015 |
| 020 |
|
|
|a 9789836271546
|
| 020 |
|
|
|a 9836271546
|
| 090 |
0 |
0 |
|a 808.1
|b RAH
|
| 100 |
1 |
|
|a Rahman Shaari
|
| 245 |
1 |
0 |
|a Persediaan menulis sajak
|c Rahman Shaari
|
| 250 |
|
|
|a Edisi Kedua
|
| 260 |
|
|
|a Kuala Lumpur :
|b Dewan Bahasa dan Pustaka ,
|c 2001
|
| 650 |
|
0 |
|a Creative writing
|
| 650 |
|
0 |
|a Poetry
|x Authorship
|
| 650 |
|
0 |
|a Poetry
|x Techniques
|
| 650 |
|
0 |
|a Style literacy
|
| 999 |
|
|
|a 0000823667
|b Book
|c Adult Collection
|e Cawangan Muar
|
| 999 |
|
|
|a 0000823673
|b Book
|c Adult Collection
|e Cawangan Segamat
|
| 999 |
|
|
|a 0000823674
|b Book
|c Adult Collection
|e Cawangan Segamat
|
| 999 |
|
|
|a 0000823692
|b Book
|c Adult Collection
|e Cawangan Tmn. Ungku Tun Aminah
|
| 999 |
|
|
|a 0000823694
|b Book
|c Adult Collection
|e Cawangan Mersing
|
| 999 |
|
|
|a 0000823695
|b Book
|c Adult Collection
|e Cawangan Mersing
|
| 999 |
|
|
|a 0000823696
|b Book
|c Adult Collection
|e Cawangan Pontian
|